ELEMENTS OF LAW SIMPLIFIED (Record no. 2562)

MARC details
000 -LEADER
fixed length control field 00465nam a2200181Ia 4500
003 - CONTROL NUMBER IDENTIFIER
control field OSt
005 - DATE AND TIME OF LATEST TRANSACTION
control field 20240125093333.0
008 - FIXED-LENGTH DATA ELEMENTS--GENERAL INFORMATION
fixed length control field 221216s9999||||xx |||||||||||||| ||und||
020 ## - INTERNATIONAL STANDARD BOOK NUMBER
International Standard Book Number 996628155x
040 ## - CATALOGING SOURCE
Transcribing agency Chuka University Library
050 ## - LIBRARY OF CONGRESS CALL NUMBER
Classification number K 150
Item number .S25 2000
100 ## - MAIN ENTRY--PERSONAL NAME
Personal name Saleemi, N. A.
9 (RLIN) 116
245 #0 - TITLE STATEMENT
Title ELEMENTS OF LAW SIMPLIFIED
260 ## - PUBLICATION, DISTRIBUTION, ETC.
Place of publication, distribution, etc. Nairobi
Name of publisher, distributor, etc. Saleemi Publications Ltd
Date of publication, distribution, etc. 2000
300 ## - PHYSICAL DESCRIPTION
Extent 312p
650 ## - SUBJECT ADDED ENTRY--TOPICAL TERM
Topical term or geographic name entry element Law
9 (RLIN) 8313
942 ## - ADDED ENTRY ELEMENTS (KOHA)
Koha item type Long Loan Books
Koha issues (borrowed), all copies 2
Source of classification or shelving scheme Library of Congress Classification
Holdings
Withdrawn status Lost status Damaged status Not for loan Collection Home library Current library Shelving location Date acquired Total Checkouts Full call number Barcode Date last seen Date last checked out Price effective from Koha item type
        General Collection Books Main Campus Library Main Campus Library General Stacks 16/12/2022 2 BSL K 150 .S25 2000 2714/2008 13/11/2025 04/01/2024 16/12/2022 Long Loan Books

Powered by Koha